000 00404nam a2200169Ia 4500
008 230524s9999 xx 000 0 und d
082 _a621.382
_bHAY
100 _aSimon Haykin
245 0 _aSignals and Systems
250 _a1ST
260 _aNEW DELHI
_bJohn Wiley
_c2002
300 _aXV;687
500 _aQuantity Number: 2
650 _aElectronics
700 _a Barry Van Veen
942 _cBK
999 _c33544
_d33544